000 02180nam a2200385Ia 4500
001 dia_326
003 CHAP
005 20240507122704.0
007 ta
008 220117s2016 mx ado fr 001 0 spa d
040 _cCHAP
_amxchpua
090 _aT.C.714
_bL67 SAI
_c2016
245 1 0 _aSistema agroindustrial pulpo en la región Progreso, Yucatán /
_ccoordinador Vicente López Bautista ; colaboradores Iván Cagal Cruz...[et al.]
260 _aMéxico :
_bEl autor,
_c2016
300 _a82 hojas :
_bilustraciones, gráficas, diagramas, tablas, fotos +
_e1 CD-ROM
336 _2rdacontent
_atexto
_btxt
337 _2rdamedia
_ano mediado
_bn
338 _2rdacarrier
_avolumen
_bnc
500 _a6° año Grupo 1 -- El CD contiene reporte
502 _aViaje de Estudios
_b(SAI) --
_cUACH. Departamento de Ingeniería Agroindustrial,
_d2016
504 _aBibliografía: hoja 82
505 _aEmpresas visitadas: --
_t1. Comite sistema producto pulpo -- 2. Industría Pesquera del Sureste, S. A. de C. V. -- 3. EUROEMPACK -- 4. Distribuidora El Tigre del Sureste, S. A. de C. V. -- 5. Congeladora MARYUC, S. A. de C. V. -- 6. MASPESCA, S. A. de C.V. -- 7. PULMEROS -- 8. PROPESCA -- 9. UNAM SISAL -- 10. CINVESTAV -- 11. CIMAR, S. C. -- 12. Comercial Océanica, S. A. de C. V. -- 13. Costa Pura, S. A. de C. V. -- 14. Pulpesmar, S. de R. L. de C. V. -- 15. Hielos MASPESCA -- 16. CONAPESCA -- 17. FIRCO -- 18. Caiman Products, S. A. de C. V. -- 19. Comercializadora Dora Océanica -- 20. CESAI -- 21. COFEPRIS -- 22. Pez y Pulpo Cuevas, S. A. de C. V. -- 23. Artes de Pesca
650 1 3 _aOctopus vulgaris
_xIndustria y comercio
_9154661
_zMéxico
_zYucatán
650 1 3 _aOctopus vulgaris
_xIndustry and trade
_9154661
_zMexico
_zYucatán
700 1 _aLópez Bautista, Vicente
_9147030
_ecoordinador
700 1 _aCagal Cruz, Iván
_ecolaborador
_9154662
856 4 1 _uhttp://10.13.5.2/ve/TC714SAI/TC714SAI2016-REPORTE.pdf
_yDESCARGAR REPORTE
901 _aT.C.714 L67 SAI 2016
902 _aM
905 _a5232272016 mx ndl 8223123322spa16
942 _2local
942 _cVE
999 _c173889
_d173889